Normal view
MARC view
Entry Corporate Name
001 - CONTROL NUMBER
- control field: 5590
003 - CONTROL NUMBER IDENTIFIER
- control field: ARRUPE
005 - DATE AND TIME OF LATEST TRANSACTION
- control field: 20131212135027.0
008 - FIXED-LENGTH DATA ELEMENTS
- fixed length control field: 131212|| aca||aabn | a|a d
040 ## - CATALOGING SOURCE
- Original cataloging agency: ARRUPE
- Transcribing agency: ARRUPE
110 ## - HEADING--CORPORATE NAME
- Corporate name or jurisdiction name as entry element: Harvard University.
- Subordinate unit: Graduate School of Business Administration.
670 ## - SOURCE DATA FOUND
- Source citation: Work cat.: (ARRUPE)0: Cohen, Peter, 1939- 5589, The gospel according to the Harvard Business School., 1973.